<?xml version="1.0" encoding="UTF-8"?>
<collection xmlns="http://www.loc.gov/MARC21/slim">
 <record>
  <leader>00549pamaa2200169   4500</leader>
  <controlfield tag="001">0000013625</controlfield>
  <controlfield tag="005">20090612090000.0</controlfield>
  <datafield tag="020" ind1="0" ind2="0">
   <subfield code="a">0060916990 </subfield>
  </datafield>
  <datafield tag="082" ind1=" " ind2=" ">
   <subfield code="a">909.82 DRU 1989</subfield>
  </datafield>
  <datafield tag="090" ind1="0" ind2="0">
   <subfield code="a">D849 </subfield>
   <subfield code="b">DRU 1989</subfield>
  </datafield>
  <datafield tag="100" ind1="1" ind2="0">
   <subfield code="a">Drucker </subfield>
  </datafield>
  <datafield tag="245" ind1="1" ind2="4">
   <subfield code="a">The New realities : </subfield>
   <subfield code="b">in government and politics, in economics and business, in society and world view  </subfield>
   <subfield code="c">Peter F. Drucker.</subfield>
  </datafield>
  <datafield tag="260" ind1="0" ind2="0">
   <subfield code="a">New York: </subfield>
   <subfield code="b">Harper &amp; Row, </subfield>
   <subfield code="c">1989.</subfield>
  </datafield>
  <datafield tag="300" ind1=" " ind2=" ">
   <subfield code="a">ix, 276p.: </subfield>
   <subfield code="b">21cm.</subfield>
  </datafield>
  <datafield tag="650" ind1="0" ind2="0">
   <subfield code="a">World politics -- </subfield>
   <subfield code="x">1985-1995 </subfield>
  </datafield>
  <datafield tag="650" ind1="0" ind2="0">
   <subfield code="a">Economic history -- </subfield>
   <subfield code="x">1971- </subfield>
  </datafield>
  <datafield tag="650" ind1="0" ind2="0">
   <subfield code="a">Information society </subfield>
  </datafield>
 </record>
</collection>
